Theory and Design of Pressure Vessels (Record no. 193292)

MARC details
000 -LEADER
fixed length control field 00461nam a2200169Ia 4500
008 - FIXED-LENGTH DATA ELEMENTS--GENERAL INFORMATION
fixed length control field 251008s9999 xx 000 0 und d
020 ## - INTERNATIONAL STANDARD BOOK NUMBER
International Standard Book Number 9788123910413
041 ## - LANGUAGE CODE
Language code of text/sound track or separate title English
082 ## - DEWEY DECIMAL CLASSIFICATION NUMBER
Classification number 620.1.01 HER
100 ## - MAIN ENTRY--PERSONAL NAME
Personal name Hervey (John F)
245 #0 - TITLE STATEMENT
Title Theory and Design of Pressure Vessels
260 ## - PUBLICATION, DISTRIBUTION, ETC.
Name of publisher, distributor, etc. Van Nontrand Reinhold Company
Place of publication, distribution, etc. New York
Date of publication, distribution, etc. 1985
300 ## - PHYSICAL DESCRIPTION
Other physical details Hard Back
Extent 623+14
563 ## - BINDING INFORMATION
Binding note Hard Back
650 ## - SUBJECT ADDED ENTRY--TOPICAL TERM
Topical term or geographic name entry element  Mechanics of Materials
942 ## - ADDED ENTRY ELEMENTS (KOHA)
Koha item type Books
Holdings
Withdrawn status Lost status Damaged status Not for loan Home library Current library Shelving location Date acquired Total Checkouts Full call number Barcode Date last seen Price effective from Koha item type Public note
        Kumaraguru College of Technology Kumaraguru College of Technology MGCL Shelf No 221-228 2025-09-16   620.1.01 HER Z 19069 2025-10-08 2025-10-08 Books ME

Visitor Number: